| 000 | 00000nam##2200000za#4500 |
| 001 | 9.578501 |
| 003 | CaOODSP |
| 005 | 20210624190122 |
| 007 | cr ||||||||||| |
| 008 | 150406|2011||||xxc|||||o f|0| 0 eng|d |
| 022 | |a1919-5044 |
| 040 | |aCaOODSP|beng |
| 043 | |an-cn--- |
| 086 | 1 |aFs70-5/2011-129E-PDF |
| 110 | 1 |aCanada. |bDepartment of Fisheries and Oceans. |
| 245 | 10|aStock assessment for the inside population of yelloweye rockfish (Sebastes ruberrimus) in British Columbia, Canada for 2010 / |h[electronic resource]|c[by] K. L. Yamanaka, M.K. McAllister, P.F. Olesiuk, M.-P. Etienne, S.G. Obradovich and R. Haigh. |
| 260 | |aNanaimo - British Columbia : |bFisheries and Oceans Canada |cc2012. |
| 300 | |a145p.|bfigs., graphs, maps, references, tables |
| 490 | 1 |aCanadian Science Advisory Secretariat research document|x1919-5044|v2011/129, Pacific Region |
| 546 | |aText in English, abstracts in both languages. |
| 590 | |a14-02-Supp|b2014-01-08 |
| 830 | #0|aResearch document (Canadian Science Advisory Secretariat)|x1919-5044|v2011/129, Pacific Region|w(CaOODSP)9.507396 |
| 856 | 40|ahttp://publications.gc.ca|qPDF|s1008 KB|uhttps://publications.gc.ca/collections/collection_2013/mpo-dfo/Fs70-5-2011-129-eng.pdf|y2011/129, Pacific Region |